Principales aspectos vinculados a la actuación del perito designado de oficio (Registro nro. 11405)

Detalles MARC
000 -LEADER
fixed length control field 00345 a2200109 4500
001 - CONTROL NUMBER
control field ART_6380
005 - DATE AND TIME OF LATEST TRANSACTION
control field 20260410161619.0
008 - FIXED-LENGTH DATA ELEMENTS--GENERAL INFORMATION
fixed length control field 260409a
100 1# - MAIN ENTRY--PERSONAL NAME
Personal name Rodríguez, Raquel E.
245 10 - TITLE STATEMENT
Title Principales aspectos vinculados a la actuación del perito designado de oficio
773 0# - HOST ITEM ENTRY
Title Enfoques
Related parts - Nº 3 (mar. 2009)
Record control number REV416

No hay ítems disponibles.